Datum a čas kvízu

25 Celkem bodů Celkový počet nahraných bodů na tomto kvízu bez doplňovacích otázek.
10. Pořadí na kvízu Konečné umístění týmu na tomto kvízu.

Zaznamenané odpovědi

# Otázka Odpověď Body Výsledky
1. Ve svatovítské katedrále se v... Petr Fiala 0
2. První dámu Francie Brigitte Ma... že je žena 0
3. V noci z neděle na pondělí min... Adolescent (Adolescence) 1
4. Finská firma Bluefors uzavřela... na Měsíci 0
5. V neděli začalo mistrovství sv... ve Rwandě 0
6. Ve spolupráci s Radou Evropy j... 1C 2D 3B 4A 1
7. Pokud vám prozradíme, že červe... július 1
8. Jak se jmenuje autonomní oblas... Vojvodina 0
9. Která z těchto knih nebyla nap... B 1
10. Pozoruhodným jazykem je velšti... slunéčko (beruška) 0